5HLuxD.jpg

KING HENRY VIII SENIOR AND PRIMARY SCHOOL LIBRARY OPAC

Coram boy / (Record no. 5754)

000 -LEADER
fixed length control field 00831pam a2200265 a 4500
001 - CONTROL NUMBER
control field 013279752
003 - CONTROL NUMBER IDENTIFIER
control field Uk
005 - DATE AND TIME OF LATEST TRANSACTION
control field 20251029085347.0
008 - FIXED-LENGTH DATA ELEMENTS--GENERAL INFORMATION
fixed length control field 050802s2005 enka 000 d eng
020 ## - INTERNATIONAL STANDARD BOOK NUMBER
International Standard Book Number 9781854598943 (pbk.)
040 ## - CATALOGING SOURCE
Original cataloging agency StDuBDS
Modifying agency Uk
Transcribing agency KH8
042 ## - AUTHENTICATION CODE
Authentication code ukblsr
082 04 - DEWEY DECIMAL CLASSIFICATION NUMBER
Classification number 822.914 EDM
Edition number 22
100 1# - MAIN ENTRY--PERSONAL NAME
Personal name Edmundson, Helen,
Dates associated with a name 1964-
Relator term author
-- adapter.
245 10 - TITLE STATEMENT
Title Coram boy /
Statement of responsibility, etc. adapted by Helen Edmundson ; based on the novel by Jamila Gavin.
260 ## - PUBLICATION, DISTRIBUTION, ETC.
Place of publication, distribution, etc. London :
Name of publisher, distributor, etc. Nick Hern,
Date of publication, distribution, etc. 2005
Date of manufacture (2007 printing)
300 ## - PHYSICAL DESCRIPTION
Extent vi, 120 p. :
Other physical details ill. ;
Dimensions 20 cm.
336 ## - CONTENT TYPE
Content type term text
Source rdacontent
337 ## - MEDIA TYPE
Media type term unmediated
Source rdamedia
338 ## - CARRIER TYPE
Carrier type term volume
Source rdacarrier
650 #0 - SUBJECT ADDED ENTRY--TOPICAL TERM
Topical term or geographic name entry element Orphans
Chronological subdivision 18th century
Geographic subdivision England
Form subdivision Drama.
700 1# - ADDED ENTRY--PERSONAL NAME
Personal name Gavin, Jamila.
Title of a work Coram boy.
710 2# - ADDED ENTRY--CORPORATE NAME
Corporate name or jurisdiction name as entry element National Theatre (Great Britain)
942 ## - ADDED ENTRY ELEMENTS (KOHA)
Source of classification or shelving scheme
Koha item type Teaching Resources
Holdings
Withdrawn status Lost status Source of classification or shelving scheme Damaged status Not for loan Collection code Permanent Location Current Location Shelving location Date acquired Total Checkouts Full call number Barcode Date due Date last seen Date last checked out Copy number Price effective from Koha item type
          Teaching Resources KH8 Senior School Library KH8 Senior School Library Staff Office 2025-10-29 1 822.914 EDM TRKHSL006761 2026-07-03 2025-10-30 2025-10-30 DRAMA 2025-10-29 Teaching Resources
          Teaching Resources KH8 Senior School Library KH8 Senior School Library Staff Office 2025-10-29 1 822.914 EDM TRKHSL006762 2026-07-03 2025-10-30 2025-10-30 DRAMA 2025-10-29 Teaching Resources
          Teaching Resources KH8 Senior School Library KH8 Senior School Library Staff Office 2025-10-29 1 822.914 EDM TRKHSL006763 2026-07-03 2025-10-30 2025-10-30 DRAMA 2025-10-29 Teaching Resources
          Teaching Resources KH8 Senior School Library KH8 Senior School Library Staff Office 2025-10-29 1 822.914 EDM TRKHSL006764 2026-07-03 2025-10-30 2025-10-30 DRAMA 2025-10-29 Teaching Resources
          Teaching Resources KH8 Senior School Library KH8 Senior School Library Staff Office 2025-10-29 1 822.914 EDM TRKHSL006765 2026-07-03 2025-10-30 2025-10-30 DRAMA 2025-10-29 Teaching Resources

Powered By KH8 IT Dept